LEADER 01278nam a2200313 u 4500 001 000000048074 003 CaOOAMICUS 005 20070226114946.0 008 000328s1993 enk u000 u eng u 020 $a0715624822 035 $a10844506 040 $aPUL$bita$dPUL(R) 041 1 $aeng$hgrc 100 0 $aAlexander Aphrodisiensis,$dsec. III.$0(OLS)http://pul/name/4743 240 10$aIn Aristotelis Metaphysica$9(Alexander Aphrodisiensis, sec. III).$lInglese$1Gruppi, scelte.$0(OLS)http://pul/title/64726 245 10$aOn Aristotle Metaphysics 4 /$cAlexander of Aphrodisias ; translated by Arthur Madigan. 260 $aLondon :$bDuckworth,$cc1993. 300 $a227 p. ;$c23 cm 500 $aContiene indici. 504 $aBibliografia in nota. 700 1 $aMadigan, Arthur.$0(OLS)http://pul/name/34908 850 $aPUL 852 $aPUL$W1$xSL Filosofia 1$y2$m82 N 24$j64132$nBK-PRI$b $qStampati$B64132$CPULBib$Z2$F64132 $H $81 900 $aAlessandro di Afrodisia,$dsec. III$94743 941 1 $a8 961 $aINV: 81262 996 $6020$a0715624822$9(OLS)http://pul/number/60310 996 $6245$aOn Aristotle Metaphysics 4$9(OLS)http://pul/title/64728 996 $6260$aLondon :$bDuckworth$9(OLS)http://pul/publisher/59526 LEADER 01608nam a2200337 u 4500 001 000000047882 003 CaOOAMICUS 005 20070226114932.0 008 000229s1996 it u000 u ita u 020 $a88-15-05467-7 035 $a10842602 040 $aEFR$bita 100 1 $aVelati, Mauro,$d1962-$0(OLS)http://pul/name/34784 245 14$aUna difficile transizione :$bil cattolicesimo tra unionismo ed ecumenismo (1952-1964) /$cMauro Velati. 260 $a[Bologna] :$bIl Mulino,$c1996. 300 $a502 p. ;$c21 cm 490 1 $aTesti e ricerche di scienze religiose.$aN.S. ;$v16 500 $aIndex: p. [491]-502. 504 $aBibliographie en note. 650 0$aChristian Union.$2//eng$0(OLS)http://pul/subject/20205 650 0$aEcumenical movement.$2//eng$0(OLS)http://pul/subject/20206 650 0$aChristianity$y20th century.$2//eng$0(OLS)http://pul/subject/6328 710 2 $aIstituto per le scienze religiose di Bologna.$0(OLS)http://pul/name/5207 830 0$aTesti e ricerche di scienze religiose (Istituto per le scienze religiose).$pNuova serie ;$v16.$0(OLS)http://pul/title/16190 850 $aPUL 852 $aPUL$W1$xDP1 Cons. Gen., Altre Classi 1$y22$m780 B 36$j63906$nBK-PRI$b $qStampati$B63906$CPULBib$Z2$F63906 $H $81 941 1 $a8 961 $aINV: 76157 996 $6020$a88-15-05467-7$9(OLS)http://pul/number/59970 996 $6245$aUna difficile transizione :$bil cattolicesimo tra unionismo ed ecumenismo (1952-1964)$9(OLS)http://pul/title/64452 996 $6260$a[Bologna] :$bIl Mulino$9(OLS)http://pul/publisher/51012